All Island Countries - Statistics

General Stats
  • This quiz has been taken 39 times
    16 since last reset
  • The average score is 37 of 48
Answer Stats
Answer % Correct
Indonesia
94%
Jamaica
94%
St. Lucia
94%
Australia
88%
Fiji
88%
Haiti
88%
Philippines
88%
Samoa
88%
Sri Lanka
88%
Cuba
81%
Dominica
81%
Dominican Republic
81%
Iceland
81%
Japan
81%
Madagascar
81%
New Zealand
81%
Seychelles
81%
St. Kitts and Nevis
81%
Trinidad and Tobago
81%
Tuvalu
81%
Vanuatu
81%
Bahamas
75%
Barbados
75%
Comoros
75%
Antigua and Barbuda
75%
Maldives
75%
Malta
75%
Mauritius
75%
Nauru
75%
Palau
75%
Solomon Islands
75%
Taiwan
75%
United Kingdom
75%
Brunei
69%
Cyprus
69%
Grenada
69%
Marshall Islands
69%
MIcronesia
69%
Sao Tome and Principe
69%
St. Vincent and the Grenadines
69%
Tonga
69%
Cape Verde
63%
Ireland
63%
Kiribati
63%
Singapore
63%
Timor Leste
63%
Papua New Guinea
56%
Bahrain
50%
No matching quizzes found
Score Distribution
Percent of People with Each Score
Percentile by Number Answered
Your Score History
You have not taken this quiz since the last reset